000 01602nam a2200313Ia 4500
005 20220317000949.0
008 160825s2008 mx a g 000 0 spa
020 _a97896816365012
100 1 _aBrowne, Anthony
_d1946-
245 1 0 _aGorila
_cescrito e ilustrado por Anthony Browne ; traducido por Carmen Esteva
250 _a1a. edición
_b7a. reimpresión
300 _a29 páginas
_bilustraciones en color
_c21 cm
490 _aLos especiales de A la orilla del viento
520 _aAna es una entusiasta de los gorilas. Su padre no tiene tiempo para ella: «Nunca hacían algo juntos». Para su cumpleaños, Ana pide a su padre un gorila, y la víspera se acuesta emocionada. A media noche, Ana se despierta y ve un gorila de juguete. Y, más tarde, un gran gorila la vuelve a despertar y le pregunta si le gustaría ir al zoológico. A la mañana siguiente, después de la extraordinaria excursión, su padre la felicita por su cumpleaños y la propone ir al zoológico
586 _aPremio Kurt Maschler, 1983
650 1 4 _2LEMB
_aCuentos infantiles ingleses
_ySiglo XX
650 1 4 _2LEMB
_aLiteratura Infantil Inglesa
_ySiglo XX
650 1 4 _2LEMB
_aGorilas en la literatura
650 1 4 _2LEMB
_aAnimales humanizados en la literatura
700 1 _aBrowne, Anthony
_963740
700 1 _aEsteva, Carmen
_94749
942 _2loc
_cBKINF
264 _aMéxico
_bFondo de Cultura Económica
_c2008
336 _atexto
_btxt
_2rdacontent
337 _asin mediación
_bn
_2rdamedia
338 _avolumen
_bnc
_2rdacarrier
040 _aCO-BoRNBP
_bspa
_erda
_cCO-BoRNBP
084 _aC BRO1
999 _c5539
_d5539